| 000 | 01017nam a22002777i 4500 | ||
|---|---|---|---|
| 999 |
_c23108 _d23108 |
||
| 003 | AR-CdUCM | ||
| 008 | 241104b20222022 pe||||| |||| 00| 0 spa d | ||
| 040 |
_aMUNICIPALIDAD PROVINCIAL DEL CUSCO _cBIBLIOTECA MUNICIPAL DEL CUSCO |
||
| 041 | _hspa | ||
| 082 |
_a985.613 / C11 _bC11 |
||
| 100 |
_aCcasa Mamani, Julian _950763 |
||
| 245 | _aConociendo la historia y riquezas de San Andrés de Checca / | ||
| 260 |
_aCusco : _bCopyright. _c2022 |
||
| 300 |
_a141 páginas. : _c24 cm |
||
| 500 | _zBibliografía: páginas 131- 132 | ||
| 505 | _aDatos generales de la provincia de Canas -- Relieve e hidrografía del distrito de Checca -- Aspectos económicos del distrito de Checca -- Proceso histórico del distrito de Checca | ||
| 650 |
_aHistoria de Checca _950792 |
||
| 650 |
_aGeografía _9318 |
||
| 650 |
_aCostumbres _9230 |
||
| 650 |
_aEconomía _9382 |
||
| 650 |
_aColonial _910490 |
||
| 650 |
_aCerámica _927657 |
||
| 650 |
_aHaciendas _96478 |
||
| 942 |
_2ddc _cLIBROS |
||
| 945 |
_apbj _d04-11-2024 |
||